000
00322 a2200157 4500
001
184856
020
_a
85-08-05359-2
040
_c
Magnum
100
_a
França, Mary
240
1
0
_a
Fábulas 1
_l
por
245
1
0
_a
Fábulas 1
300
_a
32
440
1
_a
Ática
697
_a
LITERATURA INFANTO-JUVENIL
942
_c
BK
999
_c
184856
_d
184856